[Event "Berlin Kreuzberg op 3th"]
[Site "Berlin"]
[Date "2002.07.10"]
[Round "5"]
[White "Brener, Ilja"]
[Black "Stuewe, Erich"]
[Result "1-0"]
[WhiteElo "2114"]
[BlackElo "1953"]
[PlyCount "117"]
[EventDate "2002.07.06"]
[EventType "swiss"]
[EventRounds "9"]
[EventCountry "GER"]
[SourceTitle "EXT 2022"]
[Source "ChessBase"]
[SourceDate "2021.10.06"]
[SourceVersion "1"]
[SourceVersionDate "2021.10.06"]
[SourceQuality "1"]

1. d4 d5 2. c4 c6 3. Nc3 Nf6 4. Nf3 e6 5. e3 Nbd7 6. Qc2 Bd6 7. b3 0-0 8. Be2 Qe7 9. 0-0 e5 10. cxd5 e4 11. Nd2 cxd5 12. Nb5 Rd8 13. Nxd6 Qxd6 14. a4 Ne8 15. Ba3 Qe6 16. Rfc1 f5 17. Qc3 Ndf6 18. Qb4 h6 19. Qe7 Bd7 20. Qxe6+ Bxe6 21. b4 Rdc8 22. Nb3 b6 23. b5 Bd7 24. Rxc8 Rxc8 25. Rc1 g5 26. Rxc8 Bxc8 27. Nc1 Nc7 28. Na2 a6 29. bxa6 Bxa6 30. Bd1 Bc4 31. Nb4 Ne6 32. Nc6 f4 33. Ne5 fxe3 34. fxe3 Ba2 35. Be7 Kg7 36. Kf2 Nc7 37. Bxf6+ Kxf6 38. Nd7+ Ke6 39. Nxb6 Kd6 40. a5 Kc6 41. Ba4+ Kb7 42. Nd7 Ka6 43. Nf6 Kxa5 44. Bd1 Kb4 45. Ng8 Kc3 46. Nxh6 Ne6 47. Bg4 Nxd4 48. exd4 Kxd4 49. Nf7 e3+ 50. Ke1 Ke4 51. g3 d4 52. Nxg5+ Kd3 53. Be6 Kc2 54. Bxa2 d3 55. Bb1+ Kxb1 56. Kd1 Kb2 57. Nf3 Kc3 58. h4 Kc4 59. h5 1-0

[Event "Berlin Kreuzberg op 3th"]
[Site "Berlin"]
[Date "2002.07.07"]
[Round "2"]
[White "Stuewe, Erich"]
[Black "Tausch, Dirk"]
[Result "1-0"]
[WhiteElo "1953"]
[BlackElo "1265"]
[PlyCount "33"]
[EventDate "2002.07.06"]
[EventType "swiss"]
[EventRounds "9"]
[EventCountry "GER"]
[SourceTitle "EXT 2022"]
[Source "ChessBase"]
[SourceDate "2021.10.06"]
[SourceVersion "1"]
[SourceVersionDate "2021.10.06"]
[SourceQuality "1"]

1. e4 e6 2. d4 d5 3. Nc3 Bb4 4. e5 Nd7 5. a3 Be7 6. Qg4 g6 7. Nf3 f5 8. Qg3 c5 9. Bg5 cxd4 10. Nb5 Qb6 11. Bxe7 Nxe7 12. Nd6+ Kf8 13. Qh4 h6 14. Bb5 Nc6 15. Bxc6 bxc6 16. Nxd4 g5 17. Nxe6+ 1-0